MESTSKÁ KNIŽNICA GIRALTOVCE  - online katalóg 

Alžbetin dvor (Record no. 7850)

000 -NÁVESTIE
fixed length control field 00741nam a2200229 a 4500
008 - ÚDAJE S PEVNOU DĹŽKOU – VŠEOBECNÉ INFORMÁCIE
fixed length control field 951211s1981||||[C 0 slo c
020 ## - MEDZINÁRODNÉ ŠTANDARDNÉ ČÍSLO KNIHY (ISBN)
Údaje o dostupnosti 27 Kčs.
Qualifying information (35000 výtl.)
040 ## - ZDROJ KATALOGIZÁCIE
Pôvodná katalogizujúca agentúra SNK
Jazyk katalogizácie slo
Prepisujúca agentúra SNK
Konvencie popisu AACR2
041 1# - KÓD JAZYKA
Kód jazyka textu/zvukovej stopy alebo samostatných nápisov slo
Kód jazyka originálu a/alebo sprostredkujúcich prekladov textu slo
044 ## - KÓD KRAJINY VYDAVATEĽA/PRODUCENTA
Kód krajiny MARC [CS]
080 ## - ČÍSLO MEDZINÁRODNÉHO DESATINNÉHO TRIEDENIA (MDT)
Číslo Medzinárodného desatinného triedenia (MDT) 885.4-3
100 1# - OSOBNÉ MENÁ – VŠEOBECNÉ INFORMÁCIE
Osobné meno Zelinová, Hana
Dátumy súvisiace s menom 1914-
Kód roly aut
245 10 - NÁZOV
Názov Alžbetin dvor
Údaj o zodpovednosti atď. Hana Zelinová ; Ján Krížik, Ladislav Borodáč
250 ## - ÚDAJ O PORADÍ VYDANIA
Údaj o poradí vydania 3., vyd.
260 ## - VYDAVATEĽSKÉ ÚDAJE, DISTRIBÚCIA ATĎ.
Miesto publikovania, distribúcie atď. Bratislava
Názov vydavateľa, distibútora atď. Slovenský spisovateľ
Dátum publikovania, distribúcie atď. 1981
Miesto výroby Nitra
Výrobca Nitrianske tlačiarne
300 ## - FYZICKÝ POPIS
Rozsah 384 s., 32,93 AH
Rozmery 20 cm
490 0# - EDÍCIA
Edícia Retro
Zväzok/sekvenčné označenie Zv. 12.
500 ## - VŠEOBECNÁ POZNÁMKA
Formátovaná poznámka o obsahu 1. časť trilógie: Alžbetin dvor, Volanie vetra, Kvet hrôzy.
700 1# - PRIDANÝ VSTUP – OSOBNÉ MENO
Osobné meno Krížik, Ján
Kód roly bkd
700 1# - PRIDANÝ VSTUP – OSOBNÉ MENO
Osobné meno Borodáč, Ladislav
Kód roly bkd
958 ## - Formálny deskriptor
Formálny deskriptor A
Holdings
Stav stiahnutia (Blokovanie) (Withrawn status) Stav straty Zdroj klasifikácie pre skladovanie Stav poškodenia (Damaged status) Nie pre výpožičky (Not for loan) Spôsob nadobudnutia (Collection code) Trvalé umiestnenie Aktuálne umiestnenie Dátum nadobudnutia Náklady, bežná kúpna cena Inventárne číslo (prírastkové číslo) Celkom výpožičky Full call number Čiarový kód Dátum posledného výskytu Dátum poslednej výpôžičky Cena s účinnosťou od Typ jednotky Koha
          Kúpa Mestská knižnica Giraltovce Mestská knižnica Giraltovce 2019-11-29 27.00 07339 1 B1541 B1541 2025-02-24 2021-11-04 2019-11-29 Krásna literatúra pre dospelých

Powered by Koha